000 00597nam a2200205Ia 4500
003 OSt
005 20230417110502.0
008 210423s2008 xx 000 0 und d
020 _a8130906473
040 _cAL
041 _aeng
082 _a809.935 BLOH
100 _aBLOOM (Harold),Ed.
_989200
245 _aViva modern critical interpretations William Shakespeares hamlet.
260 _aNew Delhi
_bViva Books Pvt Ltd
_c2008
300 _aviii,159
_bPB
365 _b99
_cINR
906 _acritical ; hamlet. ; interpretations ; modern ; Shakespeares ; Viva ; William
942 _2ddc
_cBK
999 _c159912
_d159912